Un mundo feliz
Сохранить в:
| Главный автор: | |
|---|---|
| Формат: | |
| Язык: | испанский |
| Опубликовано: |
Cuernavaca
Porrúa
1990
|
| Редактирование: | 1a. ed |
| Серии: | Sepan Cuantos, 587
|
| Предметы: | |
| Метки: |
Добавить метку
Нет меток, Требуется 1-ая метка записи!
|
MARC
| LEADER | 00000cam a2200000 a 4500 | ||
|---|---|---|---|
| 001 | UCD5842 | ||
| 003 | CL-VaPUC | ||
| 008 | 161028e19900000mx |||||||||||||||||spa|d | ||
| 020 | |a 9700767582 | ||
| 082 | 0 | 4 | |a 823 |b HUX |2 21 |
| 100 | |a Huxley, Aldous Leonard |e author |9 553641 | ||
| 245 | 1 | 3 | |a Un mundo feliz |
| 246 | 1 | 0 | |a Retorno a un mundo feliz |
| 250 | |a 1a. ed | ||
| 300 | |a 231 p | ||
| 942 | |c BK | ||
| 945 | |d 20161028 10:18:00 |a dcastane | ||
| 260 | |a Cuernavaca |b Porrúa |c 1990 | ||
| 650 | 0 | |a Novelas inglesas |9 265220 | |
| 650 | 0 | |a Literatura inglesa |9 312907 | |
| 583 | |a last modification |c 20161028 10:18:00 |k Rodrigo Vera | ||
| 490 | 0 | |a Sepan Cuantos, 587 | |
| 999 | |c 366391 |d 366389 | ||